Sororities (NPS) Quiz Stats

 Plays Quiz Updated Jan 19, 2012

Score 0/26 Timer 06:00
0 Plays Today
Motto/Phrase Sorority % Correct
Let Us Steadfastly Love One AnotherDelta Delta Delta
81.9%
Hellenic Culture and Christian IdealsChi Omega
66.9%
Do GoodDelta Gamma
66.6%
Tradition in LeadershipKappa Kappa Gamma
66.1%
Together let us seek the heights.Alpha Chi Omega
60.5%
Union Hand In HandAlpha Phi
57.3%
Ta Kala Diokomen (Let us strive for that which is Honorable, Beautiful, and Highest)Kappa Delta
55.1%
We Live For Each OtherAlpha Delta Pi
52.3%
Cultivating Sincere FriendshipPi Beta Phi
52.3%
True PromiseKappa Alpha Theta
50.4%
Let the Flame Endure ForeverDelta Zeta
48.7%
Seek The NoblestZeta Tau Alpha
43.1%
Les Soeurs Fideles (The Faithful Sisters)Phi Mu
43%
Motto/Phrase Sorority % Correct
Founded Upon A RockGamma Phi Beta
40.2%
One Heart, One WaySigma Kappa
39.7%
Ever ForwardSigma Sigma Sigma
36.5%
One Motto, One Badge, One Bond, and Singleness of HeartAlpha Omicron Pi
35%
Inspire the Woman, Impact the WorldAlpha Gamma Delta
31.9%
Patriae Multae Spes Una (One Hope of Many People)Sigma Delta Tau
30.4%
Multa Corda, Una Causa (Many Hearts, One Purpose)Alpha Epsilon Phi
29%
The Pen is Mightier Than the SwordAlpha Xi Delta
25.7%
Diokete Hupsala (Aim High)Phi Sigma Sigma
19.9%
Esse Quam Videri (To Be Rather Than To Seem To Be)Delta Phi Epsilon
18.3%
Aspire, Seek, AttainAlpha Sigma Alpha
17%
Active, Self-reliant, TrustworthyAlpha Sigma Tau
12.4%
Nothing great is ever achieved without much enduringTheta Phi Alpha
8.5%

You're not logged in!

Compare scores with friends on all Sporcle quizzes.
OR
Log In

Sporcle TV

Today on Sporcle TV


Watch our educational content, quiz creation guides, and fun videos on Sporcle TV.

Show Comments

Extras

Top Quizzes Today


Score Distribution

Your Account Isn't Verified!

In order to create a playlist on Sporcle, you need to verify the email address you used during registration. Go to your Sporcle Settings to finish the process.

Report this User

Report this user for behavior that violates our Community Guidelines.

Details: